Ikagai esencial / (Registro nro. 14510)

000 -CABECERA
campo de control de longitud fija 01496nam a2200253 a 4500
001 - NÚMERO DE CONTROL
campo de control 1404670
003 - IDENTIFICADOR DEL NÚMERO DE CONTROL
campo de control CO-MqBPB
005 - FECHA Y HORA DE LA ÚLTIMA TRANSACCIÓN
campo de control 20221019110914.0
008 - DATOS DE LONGITUD FIJA--INFORMACIÓN GENERAL
campo de control de longitud fija 131001s2012 ck gr 00010 spa d
015 ## - NÚMERO DE BIBLIOGRAFÍA NACIONAL
Número de bibliografía nacional ck-2012-xxxx
020 ## - NÚMERO INTERNACIONAL ESTÁNDAR DEL LIBRO
Número Internacional Estándar del Libro 9789585647244
040 ## - FUENTE DE LA CATALOGACIÓN
Centro catalogador/agencia de origen CO-MqBPB
Lengua de catalogación spa
Centro/agencia transcriptor CO-MqBPB
041 1# - CÓDIGO DE LENGUA
Código de lengua del texto/banda sonora o título independiente spa
Código de lengua original eng
082 04 - NÚMERO DE LA CLASIFICACIÓN DECIMAL DEWEY
Número de clasificación 133.901
Número de documento/Ítem M63i
245 14 - MENCIÓN DE TÍTULO
Título Ikagai esencial /
Mención de responsabilidad, etc. Ken Mogi ; traducción de Paula Vicens
250 ## - MENCIÓN DE EDICIÓN
Mención de edición Cuarta Reimpresión
260 ## - PUBLICACIÓN, DISTRIBUCIÓN, ETC.
Lugar de publicación, distribución, etc. Bogotá D.C. , Colombia :
Nombre del editor, distribuidor, etc. Penguin Random House ,
Fecha de publicación, distribución, etc. 2021.
300 ## - DESCRIPCIÓN FÍSICA
Extensión 205 p. ;
Dimensiones 21 cm.
490 0# - MENCIÓN DE SERIE
Mención de serie Millenium
520 ## - SUMARIO, ETC.
Sumario, etc. Despierta tu ikigai con el científico japonés que ha conquistado a un millón de lectores.El ikigai es un fenómeno japonés comúnmente entendido como la «razón para levantarse cada mañana». A veces son pequeños momentos: la brisa matinal, una taza de café, un cumplido. Otras, convicciones: un buen trabajo, una amistad duradera, una salud equilibrada.Ya sea grande o pequeño, tu ikigai es el camino que te lleva a la felicidad. En este delicioso libro, Ken Mogi presenta los cinco pilares del ikigai, y lo hace combinando elementos de la historia de Japón, de su filosofía y cultura moderna, con la creatividad, la autoaceptación y el funcionamiento del cerebro.Mogi te mostrará con maestría cómo despertar tu ikigai, a través de una lectura tan fascinante como reveladora.
534 ## - NOTA SOBRE LA VERSIÓN ORIGINAL
Frase introductoria T�tulo original :
Mención de título del original Miracles happen.
942 ## - ELEMENTOS DE PUNTO DE ACCESO ADICIONAL (KOHA)
Fuente del sistema de clasificación o colocación
Tipo de ítem Koha Libro
949 ## - PROCESAMIENTO DE INFORMACIÓN LOCAL (OCLC)
a n
b n
Existencias
Estado de retiro Estado de pérdida Fuente del sistema de clasificación o colocación Estado dañado No para préstamo Código de colección Localización permanente Ubicación/localización actual Fecha de adquisición Fuente de adquisición Número de inventario Total de préstamos Renovaciones totales Signatura topográfica completa Código de barras En préstamo Fecha visto por última vez Fecha del último préstamo Número de copia Precio válido a partir de Tipo de ítem Koha Nota pública
          Colección General Biblioteca Pública San Juan Bosco Biblioteca Pública San Juan Bosco 19/10/2022 Compra BPSJBM 2022 NT 12 16 133.901 M63i MOS502674 13/06/2026 18/04/2026 18/04/2026 Ej. 1 19/10/2022 Libro Ocho días

© Todos los derechos reservados para la Biblioteca Pública Municipal San Juan Bosco, 2020
Secretaria de Cultura de Mosquera
Carrera 3 N° 10 Esquina Centro Cultural Barrio El Carmén Teléfono: 8270830 Ext: 34
Funcionando con KOHA
Contacto: Biblioteca Pública Municipal San Juan Bosco/ bibliotecasanjuanbosco@mosquera-cundinamarca.gov.co
Mosquera, Cundinamarca